Image Word Wheel IX Quiz Stats

 Plays Quiz Updated Jul 19, 2019

Score 0/12 Timer 02:00
0 Plays Today
% Correct
SNAKE
98.9%
SHAVE
98.4%
SNARE
92.3%
SPINE
86.9%
SHINE
83.4%
SPIRE
83%
SCARE
82.4%
SHANE
79.3%
SPORE
69.9%
STAKE
69.1%
STAVE
66.9%
SCORE
66.1%

You're not logged in!

Compare scores with friends on all Sporcle quizzes.
OR
Log In

Sporcle TV

Today on Sporcle TV


Watch our educational content, quiz creation guides, and fun videos on Sporcle TV.

Show Comments

Extras

Top Quizzes Today


Score Distribution

Your Account Isn't Verified!

In order to create a playlist on Sporcle, you need to verify the email address you used during registration. Go to your Sporcle Settings to finish the process.

Report this User

Report this user for behavior that violates our Community Guidelines.

Details: